| 000 | 00415nam a2200145Ia 4500 | ||
|---|---|---|---|
| 008 | 230917s9999||||xx |||||||||||||| ||und|| | ||
| 040 |
_e195515 _aMAIN |
||
| 041 | _aEnglish | ||
| 082 | _a005.8 G591C | ||
| 100 | _aGodbole, Nina | ||
| 245 | 0 | _aCyber security: Understanding cyber crimes, computer forensics and legal perspectives | |
| 260 |
_aNew Delhi _bWiley India _c2011 |
||
| 300 | _axlv, 570 p. | ||
| 942 | _cBK | ||
| 999 |
_c157938 _d157938 |
||